[Event "Wroclaw Anderssen Memorial op-C"]
[Site "Wroclaw"]
[Date "2023.??.??"]
[Round "3"]
[White "Krawiec, Adam"]
[Black "Bucek, Vit"]
[Result "1-0"]
[WhiteElo "1396"]
[BlackElo "1112"]
[PlyCount "125"]
[EventDate "2023.08.06"]
[EventType "swiss"]
[EventRounds "9"]
[EventCountry "POL"]
[SourceTitle "EXT 2024"]
[Source "ChessBase"]
[SourceDate "2023.10.10"]
[SourceVersion "1"]
[SourceVersionDate "2023.10.10"]
[SourceQuality "1"]

1. e4 c5 2. Nf3 Nc6 3. d4 cxd4 4. Nxd4 g6 5. Be3 Bg7 6. c3 Nf6 7. Nd2 0-0 8. Be2 d6 9. h3 Bd7 10. Qc2 Rc8 11. Rd1 a6 12. Qb1 b5 13. a3 Qc7 14. 0-0 Ne8 15. Bf3 Ne5 16. Be2 Qb7 17. Rfe1 Qc7 18. Rc1 Nc4 19. Nxc4 bxc4 20. Nc2 a5 21. Bd4 Rb8 22. Bxg7 Kxg7 23. Ne3 Ba4 24. Bxc4 Nf6 25. b3 Bxb3 26. Bxb3 a4 27. Qc2 axb3 28. Qb2 Nxe4 29. Nd5 Qc4 30. Ne3 Qc6 31. c4+ Nf6 32. Nd5 Rfe8 33. Rxe7 Rxe7 34. Nxe7 Qd7 35. Nd5 Qf5 36. Nb4 Kf8 37. Qxb3 Ne4 38. Qe3 Re8 39. g4 Qf6 40. Rc2 Ng5 41. Qc3 Nf3+ 42. Kg2 Qxc3 43. Rxc3 Nd4 44. Rd3 Ne6 45. Rxd6 Rc8 46. Rc6 Nf4+ 47. Kf3 Rxc6 48. Nxc6 Ne6 49. Ke3 Ke8 50. Nd4 Nc5 51. f4 Ke7 52. Nc6+ Kd6 53. Ne5 f6 54. Nd3 Na4 55. Kd4 Kc6 56. c5 h6 57. Nb4+ Kb5 58. c6 Kb6 59. Kd5 Kc7 60. Ke6 Nc5+ 61. Kxf6 Ne4+ 62. Kxg6 Nd6 63. Kxh6 1-0

[Event "Wroclaw Anderssen Memorial op-C"]
[Site "Wroclaw"]
[Date "2023.??.??"]
[Round "8"]
[White "Mencfel, Artur"]
[Black "Krawiec, Adam"]
[Result "1-0"]
[WhiteElo "1597"]
[BlackElo "1396"]
[PlyCount "79"]
[EventDate "2023.08.06"]
[EventType "swiss"]
[EventRounds "9"]
[EventCountry "POL"]
[SourceTitle "EXT 2024"]
[Source "ChessBase"]
[SourceDate "2023.10.10"]
[SourceVersion "1"]
[SourceVersionDate "2023.10.10"]
[SourceQuality "1"]

1. d4 d5 2. c4 c6 3. Nf3 e6 4. Bg5 Be7 5. Bxe7 Nxe7 6. e3 Nd7 7. c5 Nf6 8. Nc3 0-0 9. Bd3 b5 10. b4 Ng6 11. h4 Ne7 12. a4 bxa4 13. Rxa4 Bb7 14. Qa1 Qc7 15. 0-0 Nd7 16. Qb2 a6 17. Ne2 Rfb8 18. Qc3 Bc8 19. h5 h6 20. Ng3 Nf6 21. Ne5 Nd7 22. f4 f5 23. Rfa1 Nxe5 24. dxe5 Ra7 25. Ne2 Rba8 26. Nd4 Kf7 27. Ra5 g5 28. fxg5 hxg5 29. Nf3 g4 30. Ng5+ Ke8 31. Nh7 Ng8 32. Nf6+ Nxf6 33. exf6 Qh7 34. Qe5 Qxh5 35. Bxa6 Qf7 36. Bxc8 Rxa5 37. Rxa5 Rxc8 38. Ra6 Qd7 39. b5 Kf7 40. b6 1-0